[Event "Klubbmesterskapet 2019 (A)"]
[Site "Ås, Akershus NOR"]
[Date "2019.01.31"]
[Round "2"]
[White "Bø, Martin"]
[Black "Andersen, Odd"]
[Result "1-0"]
[WhiteElo "1729"]
[BlackElo "1724"]
[Annotator "Bø, Martin"]
[PlyCount "53"]
[EventDate "2019.01.10"]

1. Nf3 d5 2. d4 Nf6 3. c4 c6 4. g3 a6 5. Bg2 dxc4 6. Ne5 Nfd7 $6 {Bedre er f.
eks} (6... Be6 7. Na3 Nbd7 8. Naxc4 g6 9. O-O Nxe5 10. Nxe5 Bg7) 7. Nxc4 b5 8.
Ncd2 e6 9. O-O Qb6 $6 {Her blir dronninga stående resten av partiet, uten å
oppnå stort. Legger press på d4 bonden, men det dekkes lett av en vilkårlig
springermanøver} 10. Nf3 {De to andre naturlige feltene blir bedre likt av
computeren} (10. Ne4) (10. Nb3) 10... Bb7 11. e4 Nf6 12. Re1 Be7 13. Bf4 O-O
14. Nbd2 (14. Nc3 Nbd7 (14... c5 $2 15. d5 $1 exd5 16. e5 Ne8 17. Bg5 Bxg5 18.
Nxg5 Nc7 19. e6 fxe6 20. Nxe6 Nxe6 21. Nxd5 Qd8 22. Rxe6 Kh8 23. Qh5 $18 Bxd5
24. Bxd5 Ra7 25. Be4 g6 26. Bxg6 Qd4 27. Bf5 Qd5 28. Re8 Qf7 29. Rxf8+ Qxf8 30.
Re1 Rf7 31. Be6 Rxf2 32. Qe5+ Rf6 33. Rf1 Kg7 34. Rf4 Nd7 35. Bxd7 Qd6 36.
Qxf6+ Qxf6 37. Rxf6 Kxf6 $18) 15. a3 h6 16. b4 a5 17. Qb3 axb4 18. axb4 Rxa1
19. Rxa1 {Og stillingen er i følge copmputeren helt lik, selv om jeg synes
hvit står best. Bedre sentrumskontroll og åpen a linje}) 14... Nbd7 {Sort
havner i trøbbel om han ikke begynner å spille aktivt. c5 er det mest naturlige
} (14... c5 $1 15. Be3 Nbd7 16. Qe2 Rac8 17. Rac1) 15. Qe2 Rfe8 16. Rad1 a5 $2
{Oppnår ingenting} 17. e5 $5 Nd5 18. Bg5 {Avbytte av sortfeltsløpere vil
gangne hvit, da hvit har bedre kontroll over de sorte feltene. En
springermanøver d2-e4-d6 ser fryktelig sterkt ut} Bf8 19. Ne4 h6 (19... c5 {
Sort må spille mer aktivt}) 20. h4 $5 {Hvit ofrer en offiser for uklar
kompensasjon. Angrepet blir avgjørende, men computeren er ikke helt overbevist.
-0,4 med perfekt spill} hxg5 $4 {Nå rakner det fort for sort. Bedre var igjen
c5} (20... c5 21. Bc1 cxd4 22. Nxd4 Nxe5 23. Qxb5 Qa7 24. Qe2 Rad8 {og
stillingen er i balanse}) 21. Nfxg5 f6 $4 (21... g6 {Ser fryktelig skummelt ut,
men det naturlige trekket h5 fungerer ikke like bra som det ser ut} 22. Qf3 (
22. h5 Be7 $1 23. hxg6 fxg6 24. Nxe6 Nf8 25. Nxf8 Bxf8 26. Qg4 Qc7 27. Qxg6+
Qg7 28. Qxg7+ Kxg7 $14) 22... Re7 23. Nd6 Bg7 24. h5 Rf8 25. hxg6 fxg6 26. Qg4
Bxe5 27. Nxb7 Rf5 28. Nc5 N7f6 29. Qh4 Bxd4 30. Qxd4 Rxg5 31. Rxe6 Rxe6 32.
Nxe6 Qxd4 33. Nxd4 Ne7 34. Rc1 {Hvit står bedre, men sort har muligheter til å
holde}) 22. Qh5 $3 fxg5 23. Nxg5 N5f6 (23... Bb4 24. Qf7+ Kh8 25. Bxd5 exd5 26.
Qh5+ Kg8 27. Re3 c5 28. Qh7+ Kf8 29. e6 Nf6 30. Rf3 Ke7 31. Qxg7+ Kd8 32. Rxf6
$18) 24. exf6 Nxf6 25. Qf7+ Kh8 26. Rxe6 (26. Be4 $2 Re7 (26... Nxe4 $4 27.
Qh5+ Kg8 28. Qh7#) 27. Qg6 Rd8 28. Nh7 Qc7 29. Nxf6 gxf6 30. Qxf6+ Rg7 31. Qh6+
Kg8 32. Qxe6+ Kh8 33. Qh6+ Kg8 34. Qe6+) 26... Rec8 $2 (26... Rxe6 27. Nxe6 $8
Re8 (27... Nh7 28. Nf4 $1 Nf6 29. Ng6+ Kh7 30. Nxf8+ Kh8 31. Ne6 Rg8 32. Re1 b4
33. Re5 Bc8 34. Rh5+ Nxh5 35. Qxh5#) 28. Nxf8 Qd8 29. Ng6+ Kh7 30. Qxb7 Kxg6
31. Bxc6 Re7 32. Qxb5 Qd6 33. Bf3 Qd8 34. h5+ Kh7 35. Qf5+ Kg8 36. Rc1 Rc7 37.
Qe6+ Kf8 38. Rc5 Rxc5 39. dxc5 Qd7 40. Qxd7 Nxd7 41. c6 Nb6 42. c7 Ke7 43. Bg4
{1-0}) 27. Rxf6 {Oppgitt pga} (27. Rxf6 gxf6 28. Qh7#) 1-0

[Event "Klubbmesterskapet 2019 (B)"]
[Site "Ås, Akershus NOR"]
[Date "2019.01.31"]
[Round "3"]
[White "Thowsen, Alf Geir"]
[Black "Yazdankhah, Siamak"]
[Result "1/2-1/2"]
[WhiteElo "1400"]
[BlackElo "1341"]
[PlyCount "54"]
[EventDate "2019.01.10"]

1. e4 e5 2. Nf3 d6 3. Bc4 h6 4. Nc3 Nf6 5. h3 Nc6 6. d3 Na5 7. Bb5+ Bd7 8.
Bxd7+ Qxd7 9. O-O O-O-O 10. Be3 Kb8 11. Qd2 Nc6 12. Nd5 Qe6 13. c4 a6 14. Rfb1
g5 15. Nxf6 Qxf6 16. b4 Rg8 17. Nh2 Nd4 18. Bxd4 exd4 19. Ng4 Qe6 20. f3 f5 21.
exf5 Qxf5 22. Re1 h5 23. Nf2 Qf4 24. Qxf4 gxf4 25. Re4 d5 26. Rxf4 dxc4 27.
dxc4 Bxb4 1/2-1/2

[Event "Klubbmesterskapet 2019 (A)"]
[Site "Ås, Akershus NOR"]
[Date "2019.01.24"]
[Round "3"]
[White "Lea, Per"]
[Black "Kielland-Lund, Jon"]
[Result "1/2-1/2"]
[WhiteElo "1729"]
[BlackElo "1674"]
[Annotator "Lea,Per"]
[PlyCount "80"]
[EventDate "2019.01.10"]

1. e4 c6 2. d4 d5 3. Nc3 dxe4 4. Nxe4 Bf5 5. Ng3 Bg6 6. h4 h6 7. Nf3 Nd7 8. h5
Bh7 9. Bd3 Bxd3 10. Qxd3 e6 11. Bf4 Qa5+ 12. Bd2 Bb4 13. a3 Bxd2+ 14. Nxd2 Ngf6
15. O-O-O b5 (15... O-O 16. Nge4 Rad8 17. Kb1 Qc7 18. Qf3 Nxe4 19. Nxe4 f5 20.
Ng3 Nf6 21. Ne2 Rfe8 22. Nf4 Qb6 23. Rhe1 Rxd4 {ble spilt i fjernsjakkpartiet
Lea-Filin, World Cup 22, forgruppe 51. Her tilbød svart - med sine ca 200
høyere rating - remis, noe som gladelig ble mottatt. Partiet varte fra 1.
januar til 17. juni 2018, uvanlig kort til et fjernsjakkparti å være. Men så
ble det heldigvis ikke spilt på "gammelmåten", med å sende postkort mellom
Norge og Russland, men trekkene ble utført på skjermen.}) 16. Nge4 O-O 17. Rdg1
{Begge er på veltråkkede stier: denne stillingen hadde vi også parti i
klubbmesterskapet 2017, som endte med hvit seier.} ({Nå som den gang unnviker
hvit det mer aggressive og mindre oversiktlige bondeofferet} 17. g4 Nxg4 18.
Qg3 f5 19. f3 fxe4 20. Qxg4 Rae8 21. Rhg1 Re7 22. Qh4 Rff7 23. fxe4 {Men her
kan det ligge andre sjanserike varianter for begge - og det er vanskelig å ha
full oversikt. Derfor hvits noe tammere fortsettelse.}) 17... b4 18. axb4 ({
Bedre er} 18. g4 Nxe4 19. Nxe4 bxa3 20. Qxa3 Qxa3 21. bxa3 {med lik stilling})
18... Qxb4 {Hvit gjengjelder bukken!} ({Svart står klart bedre etter} 18...
Qa1+ 19. Nb1 Nxe4 20. Qxe4 a5 {Det var det siste trekket, som sørger for at
det blir åpnet tårnlinjer mot den hvite kongestillingen, som hvit hadde
oversett}) 19. c3 Qa4 20. g4 Rab8 21. g5 Nxe4 22. Qxe4 Qa1+ ({Jeg hadde fryktet
} 22... f5 {og trodde at jeg ville få et mattangrep mot meg, men det viser seg
at her så jeg syner på høylys dag (egentlig var det faktisk blitt mørkt ute...)
} 23. Qxe6+ Kh8 24. Qxd7 Qa1+ 25. Kc2 Rxb2+ 26. Kd3 {skal være lett vinst for
hvit}) 23. Qb1 Qxb1+ 24. Kxb1 hxg5 25. Rxg5 Rb5 26. Rg2 $2 {Overser
fullstendig svarts svar som jeg fryktet var en vinstvariant. Heldigvis er det
ikke fullt så enkelt.} Nf6 27. Rgh2 ({Stockfish anbefaler at hvit bare skal gi
bonden midlertidig:} 27. f3 Rxh5 28. Rxh5 Nxh5 29. Rg5 Nf4 30. Ra5 f5 (30...
Ra8 31. Ra6) 31. Rxa7) 27... Rf5 (27... c5 {For å kvitte seg med den dårlige
bonden, ser mer fristende ut}) 28. f3 Kh7 ({Igjen er} 28... c5 {et sterkt
alternativ}) 29. Ne4 Kh6 ({Selvfølgelig ikke} 29... Rxf3 $4 30. Ng5+ Kg8 31.
Nxf3) 30. Nxf6 {Nå begynner hvits bønder å bli svake} gxf6 {Sørger for å
bringe tårnet raskt i spill via g-linja, men det er mulig det er bedre å slå
med tårnet for å slippe dobbeltbonden} 31. Rh3 $2 (31. Kc2 Rxf3 32. Ra1 {med
utlikning, var en mulighet jeg ikke oppdaget. etter teksttrekket står svart
best, selv om det er "hope in the hanging snore", for å sitere en kjent
fotballtrener}) 31... Rg8 32. Kc2 $2 (32. R1h2 {burde vært prøvd}) 32... Rg2+
$1 {Nå forsvinner det en bonde, og hvit skulle heller latt svart ta den på en
annen måte} 33. Kd3 $2 (33. Kb3 Rb5+ 34. Kc4 Rgxb2 35. Rg3 {er marginalt bedre
enn teksttrekket}) 33... Rxb2 34. Ra1 a5 35. Ke3 Rbb5 ({Etter} 35... c5 {kan
bare et under (eller en verdensmester) redde hvit}) 36. c4 Rb3+ 37. Ke4 Rb4 ({
Etter} 37... Rc3 38. Ra4 {ser det ut som at hvit kan havne i trekktvang}) 38.
Kd3 Rb3+ 39. Ke4 Rb4 40. Kd3 Rb3+ {med remistilbud som selvfølgelig ble tatt i
mot med åpne armer som den forsinkede julgaven det var. Og hadde ikke
remistilbudet kommet, kan hvit kreve remis fordi etter nytt kongetrekk til e4
har samme stilling oppstått 3 ganger} 1/2-1/2

[Event "Klubbmesterskapet 2019 (A)"]
[Site "Ås, Akershus NOR"]
[Date "2019.01.24"]
[Round "3"]
[White "Furnes, Torstein"]
[Black "Lund, Petter"]
[Result "1-0"]
[WhiteElo "1772"]
[BlackElo "1649"]
[Annotator "Furnes, Torstein"]
[PlyCount "73"]
[EventDate "2019.01.10"]

1. d4 Nf6 2. c4 e5 {Budapest gambit.} 3. dxe5 Ng4 4. Bf4 {Rubinstein varianten.
} Nc6 5. Nf3 Bb4+ 6. Nbd2 f6 7. exf6 Qxf6 8. e3 ({Jeg tok ikke sjansen på} 8.
Bxc7 {fordi det kunne se ut som løperen kunne bli innesperret etter} d6 {Men
Fritz sier at hvit har full kontroll og får fordel etter} 9. a3 Bc5 10. Ne4)
8... Nce5 ({Vanligste fortsettelse er} 8... Qxb2 9. Be2) 9. Nxe5 Nxe5 10. a3
Bxd2+ 11. Qxd2 d6 12. Be2 h5 13. Bxe5 dxe5 14. Rd1 Bf5 15. Qd5 c6 16. Qd6 Qxd6
17. Rxd6 Ke7 18. c5 a5 19. O-O a4 20. Rc1 g5 21. Rc4 g4 22. Bd3 ({Sterkere er} 
22. Rb4 Ra7 (22... Rhb8 23. Rh6) 23. Bd1) 22... b5 23. Rc3 Bxd3 24. Rcxd3 Rhd8
$6 {Svart burde nok unngått tårnbytter, selv om hvit har en dominerende
d-linje.} 25. Kf1 $6 ({Fritz vil mye heller spille} 25. Rxd8 Rxd8 26. Rxd8 Kxd8
27. f3 $1 $18) 25... Rxd6 26. Rxd6 Rd8 ({Fritz anbefaler} 26... Rc8) 27. Rxd8
Kxd8 28. Ke2 Ke7 ({Hvit vinner også etter} 28... e4 29. Kd2 Ke7 30. Kc3 Ke6 31.
Kd4 Kf5 32. g3) 29. Kd3 Kf6 30. Ke4 h4 31. f4 gxf3 32. gxf3 h3 33. f4 exf4 34.
exf4 Ke6 35. f5+ Kf7 36. Ke5 Ke7 37. f6+ 1-0

[Event "Klubbmesterskapet 2019 (A)"]
[Site "Ås, Akershus NOR"]
[Date "2019.01.24"]
[Round "3"]
[White "Andersen, Odd"]
[Black "Larsen, Jo Ingebrigt"]
[Result "1-0"]
[WhiteElo "1724"]
[BlackElo "1621"]
[PlyCount "99"]
[EventDate "2019.01.10"]

1. e4 d6 2. d4 Nf6 3. Nc3 Nbd7 4. Bc4 e5 5. Nf3 Be7 6. O-O (6. Bxf7+ Kxf7 7.
Ng5+ Kg8 8. Ne6 Qe8 9. Nxc7 Qg6) 6... c6 7. a4 Qc7 8. a5 h6 9. h3 g5 10. dxe5
Nxe5 11. Bb3 Rg8 12. g4 Nfxg4 13. hxg4 Bxg4 14. Bxf7+ Kf8 15. Bxg8 Kxg8 16. Nd5
Nxf3+ 17. Kh1 cxd5 18. Qxd5+ Kh7 19. Be3 Ne5 20. f4 Bf3+ 21. Kg1 gxf4 22. Rxf3
Nxf3+ 23. Kf2 fxe3+ 24. Kxf3 Rf8+ 25. Kxe3 Bg5+ 26. Kd4 Qxc2 27. Qxb7+ Kh8 28.
Qb4 Rc8 29. Rf1 Rc4+ 30. Qxc4 Qd2+ 31. Qd3 Qxb2+ (31... Qb4+ 32. Qc4 (32. Kd5
Qc5+ 33. Ke6 Qc8+ 34. Kd5 Qc5+) 32... Qd2+) 32. Qc3 Be3+ 33. Kc4+ Qxc3+ 34.
Kxc3 Kg7 35. Kd3 Bc5 36. Kc4 Kg6 37. Kd5 Bb4 38. a6 h5 39. Kc4 Bd2 40. Kd3 Bg5
41. Rf8 h4 42. Ke2 Bf6 43. Ke3 h3 44. Kf3 Be5 45. Ra8 h2 46. Kg2 h1=Q+ 47. Kxh1
Bd4 48. Rf8 Kg5 49. Kg2 Kg4 50. Kf1 1-0

[Event "Klubbmesterskapet 2019 (B)"]
[Site "Ås, Akershus NOR"]
[Date "2019.01.24"]
[Round "3"]
[White "Rønbeck, Bjørn"]
[Black "Skaret, Runar"]
[Result "1-0"]
[WhiteElo "1543"]
[BlackElo "1387"]
[Annotator "Skaret, Runar"]
[PlyCount "29"]
[EventDate "2019.01.10"]

1. e4 {Kommentert av Runar} e5 2. Nf3 Nc6 3. Bb5 a6 4. Bxc6 {C68 Ruy Lopez,
Avbytte-variasjon} dxc6 5. O-O Bd6 6. h3 f5 {Jeg vurderte mange trekk, dette
så mest spennende ut.} 7. d4 exd4 8. Qxd4 {Angriper g7-bonden og h8-tårnet bak.
+0,2} Qf6 (8... fxe4 9. Qxg7 Qf6 10. Qxf6 Nxf6 {Dette er den eneste linjen
Stockfish liker for svart, men kongestillingen blir veldig åpen. +0,0} 11. Re1
Bd7 12. Bg5 O-O) (8... Qe7 {Dette var mitt andrevalg} 9. Bg5 {men hvit presser
bare på, +2,2} Qf7 10. Re1) 9. e5 {Dette bondetrekket hadde jeg oversett i
mine kalkulasjoner} Qg6 {Bxe5 hadde vært dårlig, men likevel svarts beste
trekk. Nå rakner alt. +7,4} 10. exd6 cxd6 11. Re1+ Ne7 12. Bg5 Be6 13. Qxd6 O-O
14. Bxe7 Bd5 15. Qxg6 1-0

[Event "Klubbmesterskapet 2019 (B)"]
[Site "Ås, Akershus NOR"]
[Date "2019.01.24"]
[Round "3"]
[White "Aamodt, Peder Marcus"]
[Black "Samset, Jon"]
[Result "1-0"]
[WhiteElo "1384"]
[BlackElo "1410"]
[Annotator "Aamodt, Peder Marcus"]
[PlyCount "87"]
[EventDate "2019.01.10"]

1. e4 g6 2. d4 d5 3. e5 c5 4. c3 c4 5. f4 Bf5 6. Nf3 Bh6 7. h3 Nc6 8. g4 Be4 9.
g5 Bg7 10. Nbd2 Bf5 11. Nh4 Qd7 12. Nxf5 Qxf5 13. Qg4 O-O-O $6 {Jeg tenkte på}
(13... Qc2 14. Qf3 e6 15. Be2 Qa4 (15... Nge7 16. Bd1 Qd3 17. Qxd3 cxd3) 16.
Rb1 Qxa2 17. b3 cxb3 18. Rxb3) 14. Qxf5+ gxf5 15. b3 b5 16. a4 b4 17. cxb4 $2
Nxb4 (17... Nxd4 {Er bedre og Fritz sier at denne stillingen er lik}) 18. Kd1
Nd3 19. Bxd3 cxd3 20. Nf3 h6 21. Kd2 hxg5 22. Nxg5 Nh6 23. Ba3 Kd7 24. Kxd3 Rc8
25. Rac1 e6 26. Bc5 {Dette trekket var jeg veldig fornøyd med og her visste
jeg at jeg sto bedre} a6 27. Rhg1 f6 $2 {Mister en bonde} 28. Nxe6 Kxe6 29.
Rxg7 Nf7 30. Rg6 Rxh3+ 31. Kc2 Rh6 32. Rcg1 Kd7 33. Rxh6 (33. e6+ $3 {vinner
på veldig pen måte} Kxe6 34. Re1+ Kd7 35. Rg7 Rxc5+ {du har ikke noe annet her}
36. dxc5 Kc6 37. Rxf7) 33... Nxh6 34. Rg7+ Kd8 35. exf6 Rc7 36. Rg6 Nf7 37. Kd3
Rb7 38. b4 Ke8 39. Rg8+ Kd7 40. Rf8 Ke6 41. Ra8 Kxf6 42. Rxa6+ Kg7 43. Rb6 Nd6
$4 {siste tabbe før det blir tap} 44. Rxd6 (44. Rxb7+ Nxb7 45. a5 Nd8 46. a6
Nc6 47. b5 Na5 48. a7 {vinner jo også}) 1-0

[Event "Klubbmesterskapet 2019 (B)"]
[Site "Ås, Akershus NOR"]
[Date "2019.01.24"]
[Round "3"]
[White "Petersen, Rune J"]
[Black "Simonsen, Steinar"]
[Result "0-1"]
[WhiteElo "1199"]
[BlackElo "1521"]
[PlyCount "64"]
[EventDate "2019.01.10"]

1. d4 d5 2. e3 Nf6 3. Nc3 Nc6 4. Bd2 e5 5. Bb5 exd4 6. Bxc6+ bxc6 7. exd4 Bd6
8. Nf3 Ba6 9. Bg5 O-O 10. Qd2 h6 11. Bxf6 Qxf6 12. O-O-O Bf4 13. Na4 Bxd2+ 14.
Rxd2 Rfe8 15. Nc5 Bc8 16. Ne5 Rxe5 17. dxe5 Qxe5 18. Nd3 Qf6 19. Re1 Be6 20.
Nb4 Bd7 21. Na6 Rc8 22. Re3 Qd6 23. g3 c5 24. f4 Qxa6 25. Ra3 Qf1+ 26. Rd1 Qf2
27. Rd2 Qg1+ 28. Rd1 Qxh2 29. Rxd5 Bg4 30. c4 Re8 31. Rd2 Re1+ 32. Kc2 Bf5+ 0-1

[Event "Klubbmesterskapet 2019 (A)"]
[Site "Ås, Akershus NOR"]
[Date "2019.02.07"]
[Round "4"]
[White "Kielland-Lund, Jon"]
[Black "Bakken, Svein-Erik"]
[Result "1-0"]
[WhiteElo "1674"]
[BlackElo "1621"]
[Annotator "Stockfish 9 64 (60m)"]
[PlyCount "61"]
[EventDate "2019.01.10"]

{E91: King's Indian: Classical: 6 Be2, unusual replies including 6...c5 and 6..
.Bg4} 1. c4 Nf6 2. Nc3 g6 3. e4 d6 4. d4 Bg7 5. Nf3 O-O 6. Be2 {last book move}
Re8 7. O-O e6 {Prevents intrusion on d5} 8. Bg5 {Black has a cramped position}
(8. Qc2 e5 9. dxe5 dxe5 $14) 8... h6 $16 {Black threatens to win material:
h6xg5} 9. Bh4 (9. Be3 $16) 9... Qd7 $4 {a transit from better to worse} (9...
g5 $142 $5 {would keep Black in the game} 10. Bg3 Nh5 $11) 10. e5 $16 Nh7 11.
Qc2 (11. Re1 a6 $14) 11... Nc6 (11... b6 12. Rad1 Nc6 $14) 12. Bg3 (12. Rad1
Ne7 13. exd6 Nf5 14. dxc7 Qxc7 $18) 12... Ng5 (12... dxe5 $5 13. dxe5 b6 $14)
13. Rad1 {Black has a cramped position. Black's piece can't move: c8} (13. Rfd1
Nxf3+ 14. Bxf3 Ne7 $14) 13... Qe7 (13... Nxf3+ 14. Bxf3 Ne7 15. Bf4 $16) 14.
Nxg5 (14. Nh4 dxe5 15. dxe5 b6 $16) 14... hxg5 15. Qe4 a6 {Secures b5} (15...
Rd8 16. Qe3 $16) 16. f4 (16. Qe3 $142 dxe5 17. dxe5 $16) 16... Bd7 $2 (16...
gxf4 $142 {is the best option Black has} 17. Bxf4 dxe5 18. dxe5 Rd8 $16) 17.
fxg5 $18 Qxg5 (17... dxe5 $142 18. dxe5 Nb8 $18) 18. exd6 $4 {an unfortunate
move that relinquishes the win} (18. Qf3 $142 {seems even better} Qe7 19. Ne4
dxe5 20. dxe5 Nxe5 21. Nf6+ Qxf6 22. Qxf6 Bxf6 23. Rxf6 $18) 18... Nxd4 $4 (
18... f5 19. Bf4 Qf6 $14 (19... fxe4 $2 {springs to mind, but} 20. Bxg5 Nxd4
21. Bg4 $18 (21. dxc7 $143 Rac8 $16))) 19. Rxd4 $18 Qc5 (19... Bc6 {the only
chance to get some counterplay} 20. Qg4 Bxd4+ 21. Qxd4 cxd6 $18) 20. Bf2 Bxd4 (
20... cxd6 {no good, but what else?} 21. Rd3 Bc6 $18) 21. Bxd4 Qxd6 (21... Qg5
{hardly improves anything} 22. Qxb7 f5 23. dxc7 $18) 22. Bf6 (22. c5 $142 {
might be the shorter path} Qf8 23. Qe5 $18) 22... Qc5+ (22... e5 {a last
effort to resist the inevitable} 23. Nd5 Qc5+ 24. Kh1 Qd4 $18) 23. Kh1 g5 (
23... Qe7 {cannot undo what has already been done} 24. Qh4 Qxf6 25. Qxf6 e5 26.
Bh5 Rf8 27. Nd5 Rae8 28. Bxg6 Re6 29. Bxf7+ Rxf7 30. Qxf7+ Kh8 31. Qh5+ Kg8 32.
Rf7 Rh6 33. Nf6+ Rxf6 34. Qh7#) 24. Bd3 (24. Qg4 Qe5 25. Bxe5 Kf8 26. Qxg5 Reb8
27. Rxf7+ Kxf7 28. Bh5+ Kf8 29. Qg7#) 24... Qf5 25. Rxf5 (25. Qe2 Qxf6 26. Rxf6
Kf8 27. Bg6 Re7 28. Qh5 Kg7 29. Qxg5 Rh8 30. Bxf7+ Kf8 31. Bh5+ Rf7 32. Rxf7+
Ke8 33. Qe7#) 25... exf5 $18 26. Qf3 Re1+ 27. Bf1 g4 28. Qf4 Kh7 29. Kg1 Rae8
30. Qg5 Rg8 (30... Rxf1+ {does not improve anything} 31. Kxf1 Re1+ 32. Kxe1 g3
33. Qg7#) 31. Qh5# 1-0

[Event "Klubbmesterskapet 2019 (A)"]
[Site "Ås, Akershus NOR"]
[Date "2019.02.07"]
[Round "4"]
[White "Bø, Martin"]
[Black "Olsen, Trygve"]
[Result "0-1"]
[WhiteElo "1729"]
[BlackElo "1501"]
[Annotator "Bø, Martin"]
[PlyCount "50"]
[EventDate "2019.01.10"]

1. d4 c6 2. c4 e5 $6 3. dxe5 Qa5+ 4. Nc3 Qxe5 5. Nf3 Qc7 6. e4 d6 7. Bf4 Nd7 8.
Be2 b6 9. Nd4 Ne5 10. O-O Nf6 {Hvit har fått en stor fordel ut av åpningen,
med bedre offiserer, utvikling og sentrumskontroll. +1,5} 11. Bg3 h5 12. f4 Ng6
(12... h4 13. fxe5 dxe5 (13... hxg3 14. exf6 gxh2+ 15. Kh1 gxf6 16. Qa4 Bd7 17.
Bg4 Bxg4 18. Nd5 Qb7 19. Nxf6+ Kd8 20. Nxc6+ Kc8 21. Nxg4 $18) 14. Bxe5 Qxe5
15. Nxc6 Qc5+ 16. Nd4 $14) 13. Bf3 Bd7 14. e5 h4 15. exf6 hxg3 16. Re1+ Kd8 17.
hxg3 gxf6 {Computeren gir +2 dersom Dd3 eller noen av de andre nevnte trekkene
blir spilt} 18. Ndb5 $2 {Feil springer ble spilt, samtlige av trekkene nevnt
under gir hvit en stor fordel.} (18. Qd3) (18. Rc1) (18. b4) (18. Ncb5 cxb5 19.
Bxa8 bxc4 {I denne varianten blokkerer springeren på d4 for Qc5+} 20. Bd5 Qc5
21. Bxf7 Ne7 22. Qd2 Nf5 23. Rad1 Nxd4 24. Qxd4 Qxd4+ 25. Rxd4 d5 26. Rxd5 $18)
18... cxb5 19. Bxa8 $4 (19. Qd4 Rb8 20. Qxf6+ Kc8 21. Nd5 Qc5+ 22. Re3 {Og
stillingen er veldig skarp, men i balanse}) 19... Qc5+ 20. Kf1 Qxc4+ 21. Ne2 $4
{Nå er stillingen helt tapt for hvit} (21. Kf2 {Og hvit har fortsatt en stor
fordel i følge computeren. Angrepet ebber fort ut i intet} Qc5+ 22. Re3 Ne5 23.
fxe5 Bh6 24. Nd5 Bxe3+ 25. Nxe3 Qxe5 26. Qc2 $18) 21... d5 $3 {Eneste trekket
i stillingen som holder sort inne i partiet} 22. Bxd5 (22. Qxd5 Rh1+ 23. Kf2
Bc5+ 24. Kf3 Ne5+ 25. fxe5 Qg4#) 22... Rh1+ 23. Kf2 Bc5+ 24. Kf3 Ne5+ {Dette
var trekket jeg overså} 25. fxe5 Qg4# 0-1

[Event "Klubbmesterskapet 2019 (A)"]
[Site "Ås, Akershus NOR"]
[Date "2019.02.07"]
[Round "4"]
[White "Larsen, Jo Ingebrigt"]
[Black "Moberg, Jan Rune"]
[Result "0-1"]
[WhiteElo "1621"]
[BlackElo "1661"]
[PlyCount "90"]
[EventDate "2019.01.10"]

1. d4 d6 2. Bf4 Nf6 3. e3 Bd7 4. Bd3 g6 5. h3 Bg7 6. Nf3 Nc6 7. c3 O-O 8. O-O
Re8 9. e4 e5 10. dxe5 dxe5 11. Bg5 h6 12. Be3 Qe7 13. Qd2 Kh7 14. Na3 a6 15.
Rad1 b5 16. Nc2 Rad8 17. b4 Be6 18. Bc5 Qd7 19. Ne3 Nh5 20. h4 $2 Nf4 21. Be2
Qc8 22. Qc2 Ne7 23. Rd2 f5 24. Rfd1 Nxe2+ 25. Rxe2 f4 26. Nf1 Bc4 27. Red2 Rxd2
$2 (27... Nc6) 28. N1xd2 Be6 29. Nb3 Ng8 30. Rd3 Bf6 31. g3 Bc4 32. Kg2 fxg3
33. fxg3 Bxd3 34. Qxd3 Rd8 35. Qe2 Qe6 36. Nfd2 Bg7 37. c4 c6 38. a3 Nf6 39.
Bb6 Rf8 40. Nc5 Qc8 41. Nd3 Ng4 42. Bc5 Rf7 43. cxb5 cxb5 44. Nf3 Qd8 45. Be3
Rd7 0-1

[Event "Klubbmesterskapet 2019 (A)"]
[Site "Ås, Akershus NOR"]
[Date "2019.02.07"]
[Round "4"]
[White "Lund, Petter"]
[Black "Andersen, Odd"]
[Result "0-1"]
[WhiteElo "1649"]
[BlackElo "1724"]
[PlyCount "80"]
[EventDate "2019.01.10"]

1. e4 c6 2. Nc3 d5 3. exd5 cxd5 4. d4 Bf5 5. Bb5+ Nc6 6. Nge2 e6 7. Ng3 Bg6 8.
Be3 Bd6 9. Nh5 Qh4 10. Bxc6+ bxc6 11. Nxg7+ Kf8 12. g3 Qh3 13. Nxe6+ Qxe6 14.
Qe2 Kg7 15. O-O-O h5 16. Qd2 Qf5 17. h3 Nf6 18. Bg5 Ne4 19. Nxe4 dxe4 20. g4
hxg4 21. hxg4 Qxg4 22. Bh6+ Kf6 23. Rhg1 Qf5 24. Bg5+ Kg7 25. Rdf1 Rh5 26. Be3
Qf3 27. Qc3 Rc8 28. Qd2 a5 29. a3 Rb8 30. Rg5 Rxg5 31. Bxg5 Rb5 32. Bh6+ Kg8
33. Be3 Rh5 34. c4 Rh1 35. Rxh1 Qxh1+ 36. Kc2 Qf1 37. b3 a4 38. c5 axb3+ 39.
Kxb3 Qb1+ 40. Kc3 Be7 0-1